| 000 | 00584nam a2200193 a 4500 | ||
|---|---|---|---|
| 005 | 20240925064532.0 | ||
| 008 | 010522s1998 es r 000 0 spa d | ||
| 020 | _a843681214X | ||
| 035 | _aUPN01000106675 | ||
| 049 | _aCG | ||
| 050 | 4 |
_aLB1062 _bM4.4 |
|
| 100 | 1 | _aMenchén Bellón, Francisco | |
| 245 | 1 | 0 |
_aDescubrir la creatividad : _bdesaprender para volver a aprender / _cFrancisco Menchén Bellón. |
| 260 |
_aMadrid : _bPirámide, _cc1998. |
||
| 300 | _a206p. | ||
| 440 | 0 |
_aOjos solares. _pDesarrollo |
|
| 650 | 4 |
_aPensamiento creativo (Educación) _95414 |
|
| 905 | _aLibro | ||
| 999 |
_c80587 _d80587 |
||